| 000 | 01688nam a22004337a 4500 | ||
|---|---|---|---|
| 003 | CHAP | ||
| 005 | 20220329143314.0 | ||
| 008 | 080417d2008 mx r 00110 spa d | ||
| 010 | _a94717 | ||
| 011 | _a95689 | ||
| 035 | _a106318 | ||
| 040 | _cCHAP | ||
| 090 | _aTesis | ||
| 100 | 1 |
_aMorales Huerta, Jesús. _978304 |
|
| 245 | 1 | 0 |
_aDeterminación de temperaturas óptimas de germinación en tomate de cáscara (Physalis ixocarpa BROT.) _c/por Jesús Morales Huerta y Alfonso Tena Avalos |
| 260 |
_aChapingo, Méx. : _bEl autor, _c2007 |
||
| 300 |
_a39 h. : _bcuadros |
||
| 502 | _aTesis (Ing. Agr. Esp. en Fitotecnia) -- UACH. Departamento de Fitotecnia | ||
| 530 | _aTambién disponible en línea | ||
| 590 |
_aALEPH _b10 _c20130110 _lUCH01 _h1522 |
||
| 590 |
_aBATCH-UPD _b10 _c20130110 _lUCH01 _h0648 |
||
| 590 |
_aBATCH-UPD _b10 _c20130410 _lUCH01 _h0333 |
||
| 590 |
_aBATCH-UPD _b10 _c20130914 _lUCH01 _h0348 |
||
| 590 |
_aBATCH-UPD _b10 _c20130914 _lUCH01 _h2044 |
||
| 590 |
_aBATCH-UPD _b10 _c20140324 _lUCH01 _h1506 |
||
| 590 |
_aBATCH-UPD _b10 _c20141002 _lUCH01 _h0836 |
||
| 590 |
_aCONVERSION _b10 _c20130109 _lUCH01 _h1352 |
||
| 650 | 1 | 4 |
_aAnálisis estadístico. _95984 |
| 650 | 1 | 4 |
_aGerminación. _947755 |
| 650 | 1 | 4 |
_aTemperatura _xEfecto en semillas. _9112222 |
| 650 | 1 | 4 |
_aTomate verde _xGerminación. _9113817 |
| 650 | 1 | 4 |
_aTomate verde _xSemilla. _9113836 |
| 700 | 1 |
_aTena Avalos, Alfonso _9112241 |
|
| 856 |
_3Finding aid _uhttp://10.13.5.2/tesis/106318.pdf _zTeclea aqui |
||
| 901 | _aBK | ||
| 942 | _cFOLL | ||
| 949 |
_aTesis _bBC _cTES _d33724002041082 _eTS1 _gDonaciØn _h47621 _i106318 _sb |
||
| 949 |
_aTesis _bBC _cTES _d33724002065040 _eTS2 _fc.2 _gDonaciØn _h47622 _i106318 _si |
||
| 999 |
_c94717 _d94717 |
||